[Event "Thüringenliga 2011/2012"]
[Site "?"]
[Date "2011.09.18"]
[Round "1"]
[White "Seidens, Gunter"]
[Black "Seidel, Thomas"]
[Result "1/2-1/2"]
[WhiteElo "2017"]
[BlackElo "1945"]
[PlyCount "102"]
[EventDate "2011.??.??"]
[WhiteTeam "VfL 1990 Gera"]
[BlackTeam "SG Arnstadt-Stadtilm"]

1. Nf3 d5 2. g3 Nf6 3. Bg2 c6 4. O-O g6 5. d3 Bg7 6. Nbd2 O-O 7. h3 Nbd7 8. e4
Qc7 9. Qe2 dxe4 10. dxe4 e5 11. Nb3 c5 12. Nbd2 b6 13. b3 Bb7 14. Bb2 a6 15. a4
Rac8 16. Rad1 Rfe8 17. Ne1 Re6 18. Bf3 b5 19. axb5 axb5 20. Ng2 c4 21. bxc4
bxc4 22. Bc3 Nc5 23. Ra1 Qc6 24. Rfe1 Bh6 25. Qxc4 Ncxe4 26. Qxc6 Bxc6 27. Nxe4
Bxe4 28. Bxe4 Nxe4 29. Bb4 f5 30. Re2 Rec6 31. Ne1 Bg7 32. Ra7 R6c7 33. Rxc7
Rxc7 34. Kg2 Rc4 35. Be7 Kf7 36. Bd8 Ke6 37. f3 Nc3 38. Rf2 Bh6 39. Kf1 Be3 40.
Rh2 e4 41. fxe4 Nxe4 42. Rg2 Nd2+ 43. Ke2 Re4 44. Kd3 Bh6 45. Re2 Kd5 46. Rxe4
Nxe4 47. c4+ Ke6 48. Bc7 Nf2+ 49. Ke2 Nxh3 50. Nf3 Ng5 51. Nd4+ Kd7 1/2-1/2

[Event "Thüringenliga 2011/2012"]
[Site "?"]
[Date "2011.09.18"]
[Round "1"]
[White "Bächer, Reinhard"]
[Black "Kretzschmar, Bernd"]
[Result "0-1"]
[WhiteElo "1881"]
[BlackElo "1879"]
[PlyCount "88"]
[EventDate "2011.??.??"]
[WhiteTeam "SG Arnstadt-Stadtilm"]
[BlackTeam "VfL 1990 Gera"]

1. e4 g6 2. d4 Bg7 3. Nc3 c6 4. f4 d6 5. Nf3 Bg4 6. Be2 Qb6 7. e5 Nh6 8. Ne4
O-O 9. Nf2 Bd7 10. O-O c5 11. d5 Na6 12. Kh1 Ng4 13. Nxg4 Bxg4 14. Ng5 Bxe2 15.
Qxe2 h6 16. Nf3 Nc7 17. Qd3 Qa6 18. c4 b5 19. e6 f5 20. Nh4 bxc4 21. Qf3 Kh7
22. Qg3 Rf6 23. Rd1 c3 24. bxc3 Nxd5 25. c4 Qxc4 26. Bb2 Raf8 27. Bxf6 Rxf6 28.
Rac1 Qxf4 29. Qb3 Ne3 30. Re1 Ng4 31. g3 Qf2 32. Nf3 c4 33. Rxc4 Rxe6 34. Rcc1
Re2 35. Rxe2 Qxe2 36. Re1 Qf2 37. Rg1 e5 38. h3 Ne3 39. Ne1 d5 40. Ng2 Nf1 41.
Qd3 Nxg3+ 42. Kh2 Ne2 43. Rd1 e4 44. Qe3 Be5+ 0-1

[Event "Thüringenliga 2011/2012"]
[Site "?"]
[Date "2011.09.18"]
[Round "1"]
[White "Huster, Mike"]
[Black "Marufke, Kai"]
[Result "0-1"]
[WhiteElo "1908"]
[BlackElo "1829"]
[PlyCount "102"]
[EventDate "2011.??.??"]
[WhiteTeam "VfL 1990 Gera"]
[BlackTeam "SG Arnstadt-Stadtilm"]

1. d4 d5 2. Nf3 e6 3. c4 f5 4. g3 Nf6 5. Bg2 Be7 6. O-O O-O 7. Nbd2 c6 8. Qc2
Ne4 9. Ne5 Nxd2 10. Bxd2 Nd7 11. Nd3 Nf6 12. f3 Bd6 13. c5 Bc7 14. b4 Bd7 15.
Rab1 Qe8 16. Ne5 a6 17. a4 h6 18. Rb3 Bxe5 19. dxe5 Nh7 20. Rfb1 g5 21. e3 h5
22. Bf1 h4 23. f4 hxg3 24. hxg3 Qh5 25. Kf2 Kf7 26. Bg2 Rh8 27. Rh1 Qg6 28. Bf3
Ke7 29. Be1 Rag8 30. Ke2 Nf8 31. Rxh8 Rxh8 32. Kd3 gxf4 33. exf4 Be8 34. b5
cxb5 35. c6 Bxc6 36. Qc5+ Kf7 37. Bb4 Qxg3 38. Qe7+ Kg6 39. Qf6+ Kh7 40. Kc2
bxa4 41. Rd3 Qg7 42. Qh4+ Kg8 43. Bh5 Be8 44. Rg3 Ng6 45. Qd8 Rxh5 46. Qxe8+
Kh7 47. Be7 Rh6 48. Bf6 Qc7+ 49. Rc3 Rh2+ 50. Kd1 Qxc3 51. Qf7+ Kh6 0-1

[Event "Thüringenliga 2011/2012"]
[Site "?"]
[Date "2011.09.18"]
[Round "1"]
[White "Schätz, Bianca"]
[Black "Richter, Sven"]
[Result "1/2-1/2"]
[WhiteElo "1823"]
[BlackElo "1948"]
[PlyCount "95"]
[EventDate "2011.??.??"]
[WhiteTeam "SG Arnstadt-Stadtilm"]
[BlackTeam "VfL 1990 Gera"]

1. d4 Nf6 2. c4 g6 3. Nc3 Bg7 4. e4 O-O 5. f3 d6 6. Be3 c5 7. dxc5 dxc5 8. Qxd8
Rxd8 9. Bxc5 Nc6 10. Rd1 Rxd1+ 11. Nxd1 Nd7 12. Ba3 b6 13. b3 Nc5 14. Bxc5 bxc5
15. Bd3 a5 16. Ne2 a4 17. O-O axb3 18. axb3 Ra3 19. Nc1 Nd4 20. Nf2 Nxb3 21.
Nxb3 Rxb3 22. Rb1 Rxb1+ 23. Bxb1 Kf8 24. Nd3 Bd4+ 25. Kf1 g5 26. h3 h5 27. Nc1
Kg7 28. Nb3 Kf6 29. Nxd4 cxd4 30. Ke2 Ke5 31. c5 h4 32. Bd3 f6 33. Bc4 f5 34.
Bd3 f4 35. Bc4 Kf6 36. Kd3 e5 37. Kc2 Ke7 38. Kb2 Be6 39. Bd3 Kd7 40. Ka3 Kc7
41. Ka4 Kb7 42. Ka5 Bd7 43. Bc4 Bc6 44. Ba6+ Kc7 45. Bd3 Bd7 46. Bc4 Bc8 47.
Bb5 Be6 48. Kb4 1/2-1/2

[Event "Thüringenliga 2011/2012"]
[Site "?"]
[Date "2011.09.18"]
[Round "1"]
[White "Schönfeld, Volker"]
[Black "Schumacher, Andreas"]
[Result "1/2-1/2"]
[WhiteElo "1850"]
[BlackElo "1688"]
[PlyCount "44"]
[EventDate "2011.??.??"]
[WhiteTeam "VfL 1990 Gera"]
[BlackTeam "SG Arnstadt-Stadtilm"]

1. e4 c5 2. c3 Nf6 3. e5 Nd5 4. d4 cxd4 5. Qxd4 e6 6. Bc4 Nc6 7. Qe4 Nb6 8. Bb3
d5 9. exd6 Bxd6 10. Nf3 Bd7 11. O-O Qc7 12. Bg5 Ne7 13. Nbd2 Ng6 14. Qe2 O-O
15. Rad1 a6 16. Rfe1 Bf4 17. Bxf4 Qxf4 18. Qe4 Bc6 19. Qe3 Qxe3 20. Rxe3 Rad8
21. Nd4 Ba4 22. Ree1 Bxb3 1/2-1/2

[Event "Thüringenliga 2011/2012"]
[Site "?"]
[Date "2011.09.18"]
[Round "1"]
[White "Widmann, Benjamin"]
[Black "Piontek, Michael"]
[Result "1-0"]
[WhiteElo "1758"]
[BlackElo "1851"]
[PlyCount "139"]
[EventDate "2011.??.??"]
[WhiteTeam "SG Arnstadt-Stadtilm"]
[BlackTeam "VfL 1990 Gera"]

1. c4 g6 2. Nc3 Bg7 3. Nf3 d6 4. g3 Nf6 5. Bg2 O-O 6. O-O Nbd7 7. Rb1 Rb8 8. b4
e5 9. d3 h6 10. Be3 a6 11. Qc1 Kh7 12. a4 Ng4 13. b5 Nxe3 14. fxe3 a5 15. d4 b6
16. Qd2 Bb7 17. e4 exd4 18. Nxd4 Ne5 19. Qa2 Ng4 20. Qd2 Qg5 21. Rf4 Qc5 22.
Rd1 Ne5 23. Nd5 Nxc4 24. Qc3 Bxd5 25. exd5 Rbe8 26. e4 h5 27. Bf1 Ne5 28. Qxc5
bxc5 29. Nc6 Nxc6 30. dxc6 Bh6 31. b6 Bxf4 32. gxf4 cxb6 33. Rxd6 Rxe4 34. c7
Re7 35. Rd8 Rxc7 36. Rxf8 Kg7 37. Rb8 c4 38. Rxb6 c3 39. Rb1 Kf6 40. Kf2 c2 41.
Rc1 Rc3 42. Ke1 Ra3 43. Bb5 Rc3 44. Kd2 Rh3 45. Rxc2 Rxh2+ 46. Be2 Kf5 47. Ke3
Rh1 48. Rc5+ Kf6 49. Rxa5 Ra1 50. Ra7 Ra3+ 51. Kd4 Ra1 52. Bc4 Kf5 53. Rxf7+
Kg4 54. Bb5 h4 55. Rh7 Rd1+ 56. Ke3 Ra1 57. Bd7+ Kg3 58. Rh6 Ra3+ 59. Ke4 Ra1
60. Rxg6+ Kf2 61. Rh6 Kg3 62. Rg6+ Kf2 63. Rg4 h3 64. Rh4 Re1+ 65. Kd5 Rd1+ 66.
Kc6 Rc1+ 67. Kb6 Rb1+ 68. Ka6 Rd1 69. Bxh3 Rd6+ 70. Kb5 1-0

[Event "Thüringenliga 2011/2012"]
[Site "?"]
[Date "2011.09.18"]
[Round "1"]
[White "Walther, Thomas"]
[Black "Jank, Kevin"]
[Result "1/2-1/2"]
[WhiteElo "1839"]
[BlackElo "1628"]
[PlyCount "120"]
[EventDate "2011.??.??"]
[WhiteTeam "VfL 1990 Gera"]
[BlackTeam "SG Arnstadt-Stadtilm"]

1. e4 e5 2. Nf3 Nc6 3. Bb5 a6 4. Ba4 Nf6 5. O-O d6 6. d3 Bg4 7. h3 Bh5 8. c3
Be7 9. Re1 O-O 10. Nbd2 Nd7 11. Nf1 Nc5 12. Bc2 Ne6 13. Ng3 Bg6 14. d4 exd4 15.
cxd4 Ng5 16. Nxg5 Bxg5 17. d5 Bxc1 18. Rxc1 Ne7 19. h4 h6 20. h5 Bh7 21. Qg4
Qc8 22. Qxc8 Raxc8 23. Bb3 c6 24. e5 Nxd5 25. exd6 Rcd8 26. Re7 Rxd6 27. Rxb7
Rc8 28. Bxd5 Rxd5 29. Rxc6 Ra8 30. Rcc7 Rf8 31. Ra7 Bd3 32. Rd7 Rxd7 33. Rxd7
Bb5 34. Rd4 Rc8 35. a4 Bc4 36. Nf5 Rc7 37. Ne3 Be6 38. Rd6 Rb7 39. Rxa6 Rxb2
40. a5 Ra2 41. g3 Kh7 42. Kg2 Bd7 43. g4 Bb5 44. Ra7 Kg8 45. Nf5 Bc6+ 46. Kg3
Ra3+ 47. Kf4 Bg2 48. Ne3 Ra4+ 49. Ke5 Re4+ 50. Kf5 Bf3 51. Rc7 Ra4 52. Rc5 Ra2
53. Kf4 Bb7 54. Kg3 Ra3 55. Kf4 Ra2 56. f3 Ra3 57. Rb5 Ba6 58. Rd5 Ra4+ 59. Ke5
Bb7 60. Rd8+ Kh7 1/2-1/2

[Event "Thüringenliga 2011/2012"]
[Site "?"]
[Date "2011.10.09"]
[Round "2"]
[White "Bräuer, Franz"]
[Black "Langheinrich, Ferenc"]
[Result "1/2-1/2"]
[WhiteElo "2240"]
[BlackElo "2322"]
[PlyCount "76"]
[EventDate "2011.??.??"]
[WhiteTeam "SV Jenapharm Jena"]
[BlackTeam "SC 51 Nordhausen"]

1. e4 c5 2. Nf3 d6 3. d4 cxd4 4. Nxd4 Nf6 5. Nc3 Nc6 6. f3 e5 7. Nb3 Be7 8. Be3
O-O 9. Qd2 a5 10. Bb5 Be6 11. Nd5 a4 12. Bb6 Qd7 13. Na5 Kh8 14. Nc4 Bxd5 15.
exd5 Qc8 16. Bf2 Nd4 17. Bxd4 exd4 18. Qxd4 a3 19. b3 Nd7 20. Bxd7 Qxd7 21.
O-O-O Bf6 22. Qf4 Ra6 23. Kb1 b5 24. Ne3 Qd8 25. h4 Qa5 26. Rd3 Be5 27. Qe4
Raa8 28. f4 Bf6 29. h5 Rac8 30. g4 Rfe8 31. Qf3 Rc3 32. Nd1 Rxd3 33. Qxd3 h6
34. c3 b4 35. c4 Qc5 36. Kc2 Qa7 37. Kd2 Bc3+ 38. Kc2 Bf6 1/2-1/2

[Event "Thüringenliga 2011/2012"]
[Site "?"]
[Date "2011.10.09"]
[Round "2"]
[White "Kuntze, Andreas"]
[Black "Neidig, Stefan"]
[Result "1/2-1/2"]
[WhiteElo "2025"]
[BlackElo "2092"]
[PlyCount "41"]
[EventDate "2011.??.??"]
[WhiteTeam "SC 51 Nordhausen"]
[BlackTeam "SV Jenapharm Jena"]

1. e4 e5 2. Bc4 Nf6 3. d3 Nc6 4. Nf3 Be7 5. c3 O-O 6. O-O d5 7. exd5 Nxd5 8.
Re1 Bf6 9. Nbd2 Nb6 10. Qe2 Nxc4 11. Nxc4 Re8 12. Bf4 Bg4 13. Bg3 Qd7 14. h3
Bf5 15. Rad1 Rad8 16. Qd2 Qxd3 17. Qxd3 Rxd3 18. Rxd3 Bxd3 19. Ncxe5 Bxe5 20.
Nxe5 Nxe5 21. Rxe5 1/2-1/2

[Event "Thüringenliga 2011/2012"]
[Site "?"]
[Date "2011.10.09"]
[Round "2"]
[White "Middelhoff, Cornelius"]
[Black "Anisheva, Varvara"]
[Result "0-1"]
[WhiteElo "2001"]
[BlackElo "2008"]
[PlyCount "88"]
[EventDate "2011.??.??"]
[WhiteTeam "SV Jenapharm Jena"]
[BlackTeam "SC 51 Nordhausen"]

1. d4 Nf6 2. c4 g6 3. Nc3 Bg7 4. e4 O-O 5. Nf3 d6 6. Be2 Nbd7 7. O-O e5 8. Be3
Re8 9. d5 Nc5 10. Nd2 a5 11. a3 h5 12. f3 b6 13. b4 Ncd7 14. Nb3 Nh7 15. bxa5
bxa5 16. a4 f5 17. Nb5 Ndf6 18. Bd3 h4 19. Na7 f4 20. Nc6 Qd7 21. Bd2 h3 22.
Rf2 Nh5 23. Bxa5 Ng5 24. Be1 Kf7 25. Rc2 hxg2 26. Rxg2 Bf6 27. Rg4 Nxf3+ 28.
Kf2 Qxg4 29. Qxf3 Qxf3+ 30. Kxf3 g5 31. a5 g4+ 32. Kg2 f3+ 33. Kg1 Nf4 34. Bf1
Rh8 35. c5 Ba6 36. Bxa6 Rxa6 37. cxd6 cxd6 38. Nd2 Ne2+ 39. Kh1 Bg5 40. Nf1 Bf4
41. Ra2 g3 42. Rxe2 fxe2 43. Nxg3 Bxg3 44. Bxg3 Rh3 0-1

[Event "Thüringenliga 2011/2012"]
[Site "?"]
[Date "2011.10.09"]
[Round "2"]
[White "Koksch, Robert"]
[Black "Darr, Sascha"]
[Result "1-0"]
[WhiteElo "1931"]
[BlackElo "2068"]
[PlyCount "45"]
[EventDate "2011.??.??"]
[WhiteTeam "SC 51 Nordhausen"]
[BlackTeam "SV Jenapharm Jena"]

1. d4 Nf6 2. c4 e6 3. Nc3 d5 4. Bg5 Nbd7 5. e3 c6 6. Nf3 Qa5 7. Qb3 Ne4 8. Bf4
Bb4 9. Rc1 O-O 10. Bd3 dxc4 11. Bxc4 c5 12. O-O Nxc3 13. bxc3 Ba3 14. Rcd1 Nf6
15. Be5 Ne4 16. d5 exd5 17. Bxd5 Nf6 18. Bxf7+ Rxf7 19. Ng5 c4 20. Qxc4 Bg4 21.
Qxf7+ Kh8 22. Bxf6 Bf8 23. Rd4 1-0

[Event "Thüringenliga 2011/2012"]
[Site "?"]
[Date "2011.10.09"]
[Round "2"]
[White "Kloß, Thomas"]
[Black "Königsmann, Marcus"]
[Result "0-1"]
[WhiteElo "1949"]
[BlackElo "1887"]
[PlyCount "50"]
[EventDate "2011.??.??"]
[WhiteTeam "SV Jenapharm Jena"]
[BlackTeam "SC 51 Nordhausen"]

1. Nf3 Nf6 2. g3 d6 3. d4 Nbd7 4. Bg2 e5 5. O-O Be7 6. c4 c6 7. Nc3 O-O 8. e4
Re8 9. h3 a6 10. d5 Qc7 11. Be3 Nc5 12. Nd2 a5 13. Qc2 Bd7 14. b3 Rab8 15. dxc6
Bxc6 16. Rac1 b6 17. a3 Qb7 18. Nd5 Nxd5 19. exd5 Bd7 20. f4 Qc8 21. fxe5 dxe5
22. Kh2 g6 23. Ne4 Nxe4 24. Qxe4 f5 25. Qxe5 Bc5 0-1

[Event "Thüringenliga 2011/2012"]
[Site "?"]
[Date "2011.10.09"]
[Round "2"]
[White "Schilling, Rolf"]
[Black "Zipfel, Frank"]
[Result "0-1"]
[WhiteElo "1960"]
[BlackElo "1998"]
[PlyCount "88"]
[EventDate "2011.??.??"]
[WhiteTeam "SC 51 Nordhausen"]
[BlackTeam "SV Jenapharm Jena"]

1. d4 Nf6 2. Nc3 c5 3. Nf3 d5 4. Bg5 Ne4 5. Bd2 e6 6. e3 Nxd2 7. Qxd2 cxd4 8.
exd4 Be7 9. Bd3 Nc6 10. a3 O-O 11. O-O Bd7 12. Rfe1 Rc8 13. Ne2 Na5 14. b4 Nc4
15. Bxc4 Rxc4 16. c3 Be8 17. Ne5 Rc7 18. f4 Qc8 19. Qd3 f6 20. Nf3 Rc6 21. Qe3
Bg6 22. g4 Bd8 23. Rac1 Bb6 24. Ng3 e5 25. fxe5 Qxg4 26. exf6 gxf6 27. Kg2 Re8
28. h3 Rxe3 29. hxg4 Rcxc3 30. Rxc3 Rxc3 31. a4 Rc2+ 32. Kh3 Rc4 33. Re7 Rxb4
34. Rxb7 Rxa4 35. Re7 Ra3 36. Kg2 Kf8 37. Re2 Bd3 38. Re3 Ra2+ 39. Kh3 Bg6 40.
Re6 Kf7 41. Re3 Ra4 42. Rb3 Be4 43. Nh4 Rxd4 44. Nhf5 Rd3 0-1

[Event "Thüringenliga 2011/2012"]
[Site "?"]
[Date "2011.10.09"]
[Round "2"]
[White "Mißbach, Bernd"]
[Black "Reichardt, Hans-Ulrich"]
[Result "1-0"]
[WhiteElo "1954"]
[BlackElo "1701"]
[PlyCount "97"]
[EventDate "2011.??.??"]
[WhiteTeam "SV Jenapharm Jena"]
[BlackTeam "SC 51 Nordhausen"]

1. Nf3 Nf6 2. g3 g6 3. Bg2 Bg7 4. c4 c6 5. Nc3 d6 6. d4 Bg4 7. Qc2 Nh5 8. e3
Qc8 9. h3 Bxf3 10. Bxf3 Nf6 11. e4 Nbd7 12. Bg2 e5 13. d5 c5 14. Bg5 h6 15. Be3
O-O 16. Qd2 Kh7 17. g4 Ng8 18. Ne2 Ne7 19. Ng3 a6 20. a4 Rb8 21. Bf1 Rh8 22.
Be2 Qe8 23. h4 Kg8 24. h5 g5 25. b4 b6 26. O-O Kh7 27. a5 Qc8 28. axb6 Rxb6 29.
Rfb1 Qb7 30. Ra4 Rb8 31. Bd3 Qc8 32. Qa2 Rxb4 33. Rbxb4 Rxb4 34. Rxa6 Rb6 35.
Ra7 Qd8 36. Qa4 Nf6 37. f3 Kg8 38. Bd2 Rb8 39. Ba5 Qe8 40. Qxe8+ Rxe8 41. Bc7
Nc8 42. Ra6 Bf8 43. Nf5 Kh7 44. Bc2 Be7 45. Ba4 Rg8 46. Nxe7 Nxe7 47. Bxd6 Nc8
48. Bxe5 Ne8 49. d6 1-0

[Event "Thüringenliga 2011/2012"]
[Site "?"]
[Date "2011.10.09"]
[Round "2"]
[White "Viererbe, Hartmut"]
[Black "Skarus, Steffen"]
[Result "0-1"]
[WhiteElo "1610"]
[BlackElo "1873"]
[PlyCount "53"]
[EventDate "2011.??.??"]
[WhiteTeam "SC 51 Nordhausen"]
[BlackTeam "SV Jenapharm Jena"]

1. Nf3 d5 2. c4 c6 3. e3 Nf6 4. Nc3 Bg4 5. Qc2 Bxf3 6. gxf3 e5 7. b3 Nbd7 8.
Bb2 a6 9. O-O-O b5 10. d4 exd4 11. Rxd4 Be7 12. Kb1 bxc4 13. bxc4 Rb8 14. Ka1
O-O 15. cxd5 Nxd5 16. Nxd5 cxd5 17. Rxd5 Bf6 18. Bxf6 Qxf6+ 19. Rd4 Rfc8 20.
Qd2 Qxf3 21. Rg1 Qxf2 22. Rxg7+ Kxg7 23. Rg4+ Kh8 24. Qd4+ Qf6 25. Qxf6+ Nxf6
26. Rc4 Rxc4 27. Bxc4 0-1

[Event "Thüringenliga 2011/2012"]
[Site "?"]
[Date "2011.10.09"]
[Round "2"]
[White "Recknagel, Michael"]
[Black "Kosowski, Todor"]
[Result "1/2-1/2"]
[WhiteElo "2224"]
[BlackElo "2191"]
[PlyCount "63"]
[EventDate "2011.??.??"]
[WhiteTeam "SC Suhl"]
[BlackTeam "SG Arnstadt-Stadtilm"]

1. e4 c5 2. b3 e6 3. Bb2 Nc6 4. Nf3 Nge7 5. d4 cxd4 6. Nxd4 d5 7. Nxc6 bxc6 8.
Nd2 Qa5 9. exd5 cxd5 10. Qf3 Ng6 11. Bd3 Ba6 12. Bc3 Qb6 13. Nc4 Bxc4 14. bxc4
Bb4 15. Bxg6 hxg6 16. cxd5 Rc8 17. Bxb4 Qxb4+ 18. Kf1 Qc4+ 19. Qd3 Qxd5 20.
Qxd5 exd5 21. Rc1 Rh4 22. Ke2 Ra4 23. Kd3 Rxa2 24. Rhe1+ Kd7 25. Re3 Kd6 26.
Rf3 Rc7 27. Rf4 a5 28. h4 a4 29. g3 Ra7 30. Rb1 Rc7 31. Rc1 Ke5 32. Re1+
1/2-1/2

[Event "Thüringenliga 2011/2012"]
[Site "?"]
[Date "2011.10.09"]
[Round "2"]
[White "Buring, Matthias"]
[Black "Silberschlag, Jörg"]
[Result "1/2-1/2"]
[WhiteElo "1976"]
[BlackElo "2092"]
[PlyCount "95"]
[EventDate "2011.??.??"]
[WhiteTeam "SG Arnstadt-Stadtilm"]
[BlackTeam "SC Suhl"]

1. d4 d5 2. c4 e6 3. Nc3 c6 4. Nf3 a6 5. Bf4 Nf6 6. e3 Be7 7. a3 Nbd7 8. cxd5
exd5 9. Bd3 Nh5 10. Be5 Nxe5 11. Nxe5 Nf6 12. O-O Nd7 13. f4 Nxe5 14. fxe5 g6
15. Qb3 b5 16. Rac1 Be6 17. Ne2 Rc8 18. Nf4 Qd7 19. Nxe6 Qxe6 20. e4 O-O 21.
exd5 cxd5 22. Be2 Bg5 23. Rxc8 Rxc8 24. Qg3 Qe7 25. Qb3 Rc1 26. Qxd5 Be3+ 27.
Kh1 Rxf1+ 28. Bxf1 Qh4 29. g3 Qxd4 30. Qxd4 Bxd4 31. b3 Bb2 32. a4 bxa4 33.
bxa4 a5 34. Kg2 Bxe5 35. Kf3 Kg7 36. h3 Kf6 37. Bc4 Bc3 38. g4 Be1 39. Ke4 Ke7
40. Kf4 h6 41. Ke4 Bd2 42. Bb3 Bb4 43. Bc4 Bd6 44. Bb3 Bc7 45. Bc4 h5 46. Be2
Ke6 47. Bc4+ Ke7 48. Be2 1/2-1/2

[Event "Thüringenliga 2011/2012"]
[Site "?"]
[Date "2011.10.09"]
[Round "2"]
[White "Berghof, Axel"]
[Black "Seidel, Thomas"]
[Result "0-1"]
[WhiteElo "2036"]
[BlackElo "1945"]
[PlyCount "86"]
[EventDate "2011.??.??"]
[WhiteTeam "SC Suhl"]
[BlackTeam "SG Arnstadt-Stadtilm"]

1. e4 c6 2. d4 d5 3. e5 Bf5 4. Ne2 e6 5. Ng3 Bg6 6. h4 h6 7. h5 Bh7 8. Bd3 Bxd3
9. Qxd3 Qa5+ 10. Nc3 Qa6 11. Qe3 c5 12. Nce2 cxd4 13. Nxd4 Nc6 14. Nge2 Nxd4
15. Qxd4 Ne7 16. c3 Rc8 17. b3 Nc6 18. Qe3 d4 19. Qe4 dxc3 20. O-O Ne7 21. Nd4
Nd5 22. Qg4 Rg8 23. Bxh6 c2 24. Rac1 Qd3 25. Bg5 Be7 26. Nxe6 Bxg5 27. Nxg5 Rc6
28. Ne4 Ke7 29. Nd6 Rxd6 30. exd6+ Kxd6 31. Rfe1 Qd2 32. Qc4 Re8 33. Rf1 Re2
34. Qh4 f6 35. Kh2 Qf4+ 36. Qg3 Qxg3+ 37. Kxg3 Ke5 38. Kf3 Rd2 39. Rfe1+ Kd4
40. Ra1 Kc3 41. g3 Kb2 42. Rh1 Nc3 43. Ke3 Rd7 0-1

[Event "Thüringenliga 2011/2012"]
[Site "?"]
[Date "2011.10.09"]
[Round "2"]
[White "Bächer, Reinhard"]
[Black "Feld-Gerdes, Wolfgang"]
[Result "0-1"]
[WhiteElo "1881"]
[BlackElo "2013"]
[PlyCount "86"]
[EventDate "2011.??.??"]
[WhiteTeam "SG Arnstadt-Stadtilm"]
[BlackTeam "SC Suhl"]

1. e4 c5 2. Nf3 a6 3. c4 d6 4. d4 cxd4 5. Nxd4 Nf6 6. Nc3 e6 7. Be2 Be7 8. O-O
O-O 9. Be3 Qc7 10. Rc1 Nbd7 11. f4 b6 12. Bf3 Bb7 13. Qe2 Rfe8 14. b3 Bf8 15.
Qc2 Rac8 16. Rfe1 Qb8 17. g4 e5 18. Nf5 exf4 19. Bxf4 Ne5 20. Bxe5 Rxe5 21. Qg2
b5 22. g5 Nd7 23. Nd5 bxc4 24. bxc4 Bxd5 25. cxd5 Rxc1 26. Rxc1 Nc5 27. Qc2 Qe8
28. g6 hxg6 29. Ng3 Be7 30. Rb1 Qd8 31. Rb4 Bf6 32. Qb1 Re8 33. Qc2 Be5 34. Nf1
Qf6 35. Qg2 Bd4+ 36. Kh1 Nd3 37. Rb3 Nf2+ 38. Kg1 Nxe4+ 39. Kh1 Nf2+ 40. Kg1 g5
41. h3 g4 42. Kh2 gxh3 43. Qg1 Re1 0-1

[Event "Thüringenliga 2011/2012"]
[Site "?"]
[Date "2011.10.09"]
[Round "2"]
[White "Koch, Stefan"]
[Black "Marufke, Kai"]
[Result "1/2-1/2"]
[WhiteElo "1924"]
[BlackElo "1829"]
[PlyCount "66"]
[EventDate "2011.??.??"]
[WhiteTeam "SC Suhl"]
[BlackTeam "SG Arnstadt-Stadtilm"]

1. e4 e5 2. Nf3 Nc6 3. Bc4 d6 4. h3 Be7 5. Nc3 Nf6 6. O-O O-O 7. d4 exd4 8.
Nxd4 Nxd4 9. Qxd4 Ne8 10. Nd5 Bf6 11. Nxf6+ Qxf6 12. Qe3 Qg6 13. f4 Kh8 14. Bd2
f5 15. e5 Be6 16. Bd3 Qf7 17. b3 b6 18. Rae1 d5 19. Kh2 c5 20. Rg1 Nc7 21. g4
g6 22. Qg3 d4 23. g5 b5 24. Be2 a5 25. Bf3 Ra7 26. Ra1 Bd5 27. a4 b4 28. h4
Bxf3 29. Qxf3 Qd5 30. Kg3 Rc8 31. h5 Qxf3+ 32. Kxf3 Ne6 33. hxg6 hxg6 1/2-1/2

[Event "Thüringenliga 2011/2012"]
[Site "?"]
[Date "2011.10.09"]
[Round "2"]
[White "Schätz, Bianca"]
[Black "v.d. Weth - v. Nordheim, Petra"]
[Result "1-0"]
[WhiteElo "1823"]
[BlackElo "1865"]
[PlyCount "59"]
[EventDate "2011.??.??"]
[WhiteTeam "SG Arnstadt-Stadtilm"]
[BlackTeam "SC Suhl"]

1. e4 c5 2. Nf3 Nc6 3. d4 cxd4 4. Nxd4 g6 5. c4 Bg7 6. Be3 d6 7. Nc3 Nf6 8. Be2
O-O 9. O-O a6 10. f3 Bd7 11. Qd2 Rc8 12. Rac1 Ne5 13. b3 h5 14. Nc2 Kh7 15. Nd5
Nxd5 16. exd5 Bf5 17. Nd4 Qd7 18. h3 Bxh3 19. gxh3 Qxh3 20. Rf2 Rc7 21. Rh2 Qc8
22. Qd1 Nd7 23. Bg5 Nf6 24. Bxf6 Bxf6 25. Qd3 Kg7 26. f4 h4 27. Rg2 Rh8 28.
Ne6+ fxe6 29. Qxg6+ Kf8 30. Bh5 1-0

[Event "Thüringenliga 2011/2012"]
[Site "?"]
[Date "2011.10.09"]
[Round "2"]
[White "Müller, Bernd"]
[Black "Schumacher, Andreas"]
[Result "1/2-1/2"]
[WhiteElo "1738"]
[BlackElo "1688"]
[PlyCount "73"]
[EventDate "2011.??.??"]
[WhiteTeam "SC Suhl"]
[BlackTeam "SG Arnstadt-Stadtilm"]

1. e4 c5 2. d4 cxd4 3. c3 e6 4. cxd4 d5 5. e5 Nc6 6. Nf3 Qc7 7. Nc3 a6 8. a3
Bd7 9. Be2 Nge7 10. O-O Rc8 11. Be3 Nf5 12. Rc1 Be7 13. Bd3 Nxe3 14. fxe3 f5
15. Qe1 O-O 16. Nh4 Bxh4 17. Qxh4 Qd8 18. Qf4 h6 19. Rf3 Qg5 20. Qxg5 hxg5 21.
Rg3 g4 22. h3 gxh3 23. Rxh3 g6 24. Kf2 Kg7 25. Rch1 Rh8 26. Rxh8 Rxh8 27. Rxh8
Kxh8 28. Na4 Kg7 29. Nb6 Be8 30. Nc8 Bd7 31. Nd6 Nd8 32. b3 Kf8 33. Kg3 g5 34.
Kf3 g4+ 35. Ke2 Ke7 36. g3 Bc6 37. a4 1/2-1/2

[Event "Thüringenliga 2011/2012"]
[Site "?"]
[Date "2011.10.09"]
[Round "2"]
[White "Widmann, Benjamin"]
[Black "Will, Ralph"]
[Result "1-0"]
[WhiteElo "1758"]
[BlackElo "1726"]
[PlyCount "69"]
[EventDate "2011.??.??"]
[WhiteTeam "SG Arnstadt-Stadtilm"]
[BlackTeam "SC Suhl"]

1. c4 e5 2. Nc3 Nc6 3. d3 g6 4. g3 Bg7 5. Bg2 d6 6. Nf3 Nge7 7. Rb1 Rb8 8. b4
O-O 9. b5 Nd4 10. Nxd4 exd4 11. Nd5 Bd7 12. Bg5 f6 13. Bd2 Kh8 14. Ba5 b6 15.
Bd2 Re8 16. Nb4 Qc8 17. h3 c6 18. a4 c5 19. Na6 Rb7 20. g4 Be6 21. e4 dxe3 22.
Bxe3 Rd7 23. O-O d5 24. Qc1 f5 25. g5 dxc4 26. dxc4 Rd3 27. Bd2 Qd7 28. Re1 Rd8
29. Bf4 Rc3 30. Qd1 Bxc4 31. Qxd7 Rxd7 32. Bc6 Rd4 33. Rxe7 Rxf4 34. Re8+ Bg8
35. Bd5 1-0

[Event "Thüringenliga 2011/2012"]
[Site "?"]
[Date "2011.10.09"]
[Round "2"]
[White "du Maire, Jérôme"]
[Black "Schneider, Christian"]
[Result "1/2-1/2"]
[WhiteElo "2008"]
[BlackElo "2185"]
[PlyCount "41"]
[EventDate "2011.??.??"]
[WhiteTeam "SV 1861 Liebschwitz"]
[BlackTeam "SG Blau-Weiß Stadtilm"]

1. d4 Nf6 2. Nf3 e6 3. g3 b6 4. Bg2 Bb7 5. O-O Be7 6. c4 O-O 7. Nc3 d5 8. cxd5
exd5 9. Ne5 Nbd7 10. Qa4 Nb8 11. Bf4 c6 12. Rac1 b5 13. Qb3 a5 14. Rfd1 a4 15.
Qc2 a3 16. b3 Na6 17. e4 Nb4 18. Qe2 Re8 19. exd5 Nfxd5 20. Nxd5 cxd5 21. Qd2
1/2-1/2

[Event "Thüringenliga 2011/2012"]
[Site "?"]
[Date "2011.10.09"]
[Round "2"]
[White "Siebarth, Raiko"]
[Black "Zeidler, Andreas"]
[Result "1-0"]
[WhiteElo "2189"]
[BlackElo "2119"]
[PlyCount "75"]
[EventDate "2011.??.??"]
[WhiteTeam "SG Blau-Weiß Stadtilm"]
[BlackTeam "SV 1861 Liebschwitz"]

1. e4 d6 2. Nc3 g6 3. d4 Bg7 4. f4 c6 5. Nf3 Nf6 6. Bd3 O-O 7. Be3 Qb6 8. Rb1
Ng4 9. Bg1 Qc7 10. h3 Nf6 11. Be3 b5 12. O-O b4 13. Ne2 d5 14. e5 Ne4 15. Qe1
a5 16. Nd2 f5 17. exf6 exf6 18. Nxe4 dxe4 19. Bc4+ Kh8 20. f5 Bxf5 21. Rxf5
gxf5 22. Nf4 Na6 23. Qh4 Rf7 24. Qh5 Kg8 25. Qxf5 Kh8 26. Qh5 Kg8 27. Rf1 Qd7
28. Ne6 Nc7 29. Nxg7 Kxg7 30. Qh6+ Kh8 31. Bxf7 Qxf7 32. Rxf6 Qg7 33. Rxc6 Nd5
34. Qxg7+ Kxg7 35. Bh6+ Kf7 36. Rd6 Ne7 37. Bg5 Rc8 38. Rd7 1-0

[Event "Thüringenliga 2011/2012"]
[Site "?"]
[Date "2011.10.09"]
[Round "2"]
[White "Weiß, Werner"]
[Black "Rätsch, Heinz"]
[Result "0-1"]
[WhiteElo "2032"]
[BlackElo "2102"]
[PlyCount "72"]
[EventDate "2011.??.??"]
[WhiteTeam "SV 1861 Liebschwitz"]
[BlackTeam "SG Blau-Weiß Stadtilm"]

1. Nf3 Nf6 2. g3 d6 3. Bg2 e5 4. d3 Be7 5. O-O O-O 6. Nbd2 Nbd7 7. Nh4 Nc5 8.
e4 Re8 9. a4 Bg4 10. f3 Bd7 11. b3 g6 12. Nc4 Nh5 13. d4 exd4 14. Qxd4 Ne6 15.
Qf2 Bxh4 16. gxh4 Nef4 17. Kh1 d5 18. Ne3 c6 19. Bb2 Nh3 20. Bxh3 Bxh3 21. Rfd1
Qe7 22. e5 Ng7 23. Ng4 Bxg4 24. fxg4 h5 25. h3 Qe6 26. Qf4 c5 27. Qf6 d4 28.
Qxe6 Rxe6 29. c3 Rxe5 30. cxd4 Re2 31. Rab1 Rae8 32. dxc5 R8e3 33. gxh5 Ne6 34.
hxg6 fxg6 35. Bf6 Rxh3+ 36. Kg1 Nf4 0-1